000 00865nam a2200277 a 4500
001 000012693
003 DO-SdBNP
005 20240530073915.0
007 ta
008 091116s 2002 dr r 000 f spa d
020 _z9993432075
040 _aDO-SdBNP
_bspa
_cBNPHU
082 4 _aBNPHU RD863.44
_bR175d, 2002
100 1 _aRamos, Emelda,
_d1948-
_91915
245 1 3 _aEl despojo o por los trillos de la juventud /
_cEmelda Ramos.
246 1 3 _aPor los trillos de la juventud
250 _a2a ed.
260 _aSanto Domingo :
_bLetra gráfica,
_c2002.
300 _a111 p. ;
_c22 cm.
500 _aIncluye datos biográficos de la autora en la solapa de la cubierta
590 _aInventariado, 2020/MAA
650 1 0 _aNovela dominicana
_9223
650 1 0 _aLiteratura dominicana.
_967
910 _aValidado. Control de calidad. MMOLINA
942 _2ddc
_cLBS1
999 _c12344
_d12344